Datum a čas kvízu
27
Celkem bodů
Celkový počet nahraných bodů na tomto kvízu bez doplňovacích otázek.
8.
Pořadí na kvízu
Konečné umístění týmu na tomto kvízu.
Zaznamenané odpovědi
| # | Otázka | Odpověď | Body | Výsledky |
|---|---|---|---|---|
| 1. | V minulých dnech bylo v médiíc... | Pavel Tuleja | 1 | |
| 2. | Ke dvěma a půl letům vězení by... | D | 0 | |
| 3. | Pod kterým pseudonymem působí... | Nemo | 0 | |
| 4. | Někteří obyvatelé Německa, pře... | kebab | 1 | |
| 5. | Jak se jmenuje český fotbalový... | Václav Hladký | 0 | |
| 6. | Podíváme se do zemí či krajů,... | Genovia, Anne Hathaway | 1 | |
| 7. | Jak se nazývá chudé království... | A) Monte Albo | 0 | |
| 8. | Nyní se podíváme do malé vesni... | Kyselá prdel (Bad Ass) | 0 | |
| 9. | Přiřaďte tyto postavy z knižní... | 1A 2B 3C 4D | 1 | |
| 10. | Děj které humoristické novely... | Rozmarné léto | 1 |